Equipment & supplies directory for Asia's jewellery industry 2008.
| Format: | Book |
|---|---|
| Published: |
Wanchai:
CMP Asia,
2007.
|
| Subjects: |
| LEADER | 00419cam a2200133 7i4500 | ||
|---|---|---|---|
| 001 | 0000021128 | ||
| 005 | 20080508090000.0 | ||
| 090 | 0 | 0 | |a ASIA 688.2025 |b EQU |
| 245 | 0 | 0 | |a Equipment & supplies directory for Asia's jewellery industry 2008. |
| 260 | 0 | 0 | |a Wanchai: |b CMP Asia, |c 2007. |
| 300 | # | # | |a 233 p. |
| 650 | 0 | 0 | |a Jewellery -- |x Directories -- |z Asia |
| 651 | 0 | 0 | |a Asia |
| 999 | |a B000021878 |b Directories |c Regions |e Business Information Centre | ||